Sports Quiz

Random Sports or NFL Quiz

NFL: 1980s Opening Day QBs Quiz Stats

 Plays Quiz Updated Aug 5, 2019

Score 0/280 Timer 10:00
0 Plays Today
Hint Answer % Correct
BroncosJohn Elway
95.8%
BroncosJohn Elway
95.8%
BroncosJohn Elway
95.8%
BroncosJohn Elway
95.8%
BroncosJohn Elway
95.8%
BroncosJohn Elway
95.8%
BroncosJohn Elway
95.8%
49ersJoe Montana
95.6%
49ersJoe Montana
95.6%
49ersJoe Montana
95.6%
49ersJoe Montana
95.6%
49ersJoe Montana
95.6%
49ersJoe Montana
95.6%
49ersJoe Montana
95.6%
49ersJoe Montana
95.6%
49ersJoe Montana
95.6%
DolphinsDan Marino
94.3%
DolphinsDan Marino
94.3%
DolphinsDan Marino
94.3%
DolphinsDan Marino
94.3%
DolphinsDan Marino
94.3%
DolphinsDan Marino
94.3%
BillsJim Kelly
89.5%
BillsJim Kelly
89.5%
BillsJim Kelly
89.5%
BillsJim Kelly
89.5%
GiantsPhil Simms
88%
GiantsPhil Simms
87.9%
GiantsPhil Simms
87.9%
GiantsPhil Simms
87.9%
GiantsPhil Simms
87.9%
GiantsPhil Simms
87.9%
GiantsPhil Simms
87.9%
GiantsPhil Simms
87.9%
BearsJim McMahon
87.7%
BearsJim McMahon
87.7%
BearsJim McMahon
87.7%
BearsJim McMahon
87.7%
BearsJim McMahon
87.7%
ChargersJim McMahon
87.7%
OilersWarren Moon
86.2%
OilersWarren Moon
86.2%
OilersWarren Moon
86.2%
OilersWarren Moon
86.2%
OilersWarren Moon
86.2%
OilersWarren Moon
86.2%
SteelersTerry Bradshaw
85.9%
SteelersTerry Bradshaw
85.9%
SteelersTerry Bradshaw
85.9%
ChargersDan Fouts
83.8%
ChargersDan Fouts
83.8%
ChargersDan Fouts
83.8%
ChargersDan Fouts
83.8%
ChargersDan Fouts
83.8%
ChargersDan Fouts
83.8%
ChargersDan Fouts
83.8%
ChargersDan Fouts
83.8%
Bengals Boomer Esiason
82.9%
Bengals Boomer Esiason
82.9%
Bengals Boomer Esiason
82.9%
Bengals Boomer Esiason
82.9%
CowboysTroy Aikman
81.2%
BuccaneersDoug Williams
78.8%
BuccaneersDoug Williams
78.8%
BuccaneersDoug Williams
78.8%
RedskinsDoug Williams
78.8%
RedskinsJoe Theismann
77.5%
RedskinsJoe Theismann
77.5%
RedskinsJoe Theismann
77.5%
RedskinsJoe Theismann
77.5%
RedskinsJoe Theismann
77.5%
RedskinsJoe Theismann
77.5%
EaglesRandall Cunningham
75.9%
EaglesRandall Cunningham
75.9%
EaglesRandall Cunningham
75.9%
SaintsArchie Manning
75.3%
SaintsArchie Manning
75.3%
OilersArchie Manning
75.3%
Bengals Ken Anderson
74.9%
Bengals Ken Anderson
74.9%
Bengals Ken Anderson
74.9%
Bengals Ken Anderson
74.9%
Bengals Ken Anderson
74.9%
BrownsBernie Kosar
74.7%
BrownsBernie Kosar
74.7%
BrownsBernie Kosar
74.7%
BrownsBernie Kosar
74.7%
CowboysDanny White
73.3%
CowboysDanny White
73.3%
CowboysDanny White
73.3%
CowboysDanny White
73.3%
CowboysDanny White
73.3%
CowboysDanny White
73.3%
CowboysDanny White
73.3%
Hint Answer % Correct
EaglesRon Jaworski
72.1%
EaglesRon Jaworski
72.1%
EaglesRon Jaworski
72.1%
EaglesRon Jaworski
72.1%
EaglesRon Jaworski
72.1%
EaglesRon Jaworski
72.1%
EaglesRon Jaworski
72.1%
RaidersJim Plunkett
70.2%
RaidersJim Plunkett
70.2%
RaidersJim Plunkett
70.2%
RaidersJim Plunkett
70.2%
RaidersJim Plunkett
70.2%
BuccaneersVinny Testaverde
66.6%
BuccaneersVinny Testaverde
66.6%
SeahawksDave Krieg
65%
SeahawksDave Krieg
65%
SeahawksDave Krieg
65%
SeahawksDave Krieg
65%
SeahawksDave Krieg
65%
SeahawksDave Krieg
65%
SeahawksDave Krieg
65%
SaintsKen Stabler
64.2%
SaintsKen Stabler
64.2%
OilersKen Stabler
64.2%
OilersKen Stabler
64.2%
RamsJim Everett
61.6%
RamsJim Everett
61.6%
RamsJim Everett
61.6%
RedskinsMark Rypien
60.9%
JetsKen O'Brien
60.6%
JetsKen O'Brien
60.6%
JetsKen O'Brien
60.6%
JetsKen O'Brien
60.6%
JetsKen O'Brien
60.6%
PatriotsTony Eason
60%
PatriotsTony Eason
60%
PatriotsTony Eason
60%
ColtsBert Jones
59.3%
ColtsBert Jones
59.3%
RamsBert Jones
59.3%
PatriotsSteve Grogan
58.4%
PatriotsSteve Grogan
58.4%
PatriotsSteve Grogan
58.4%
PatriotsSteve Grogan
58.4%
PatriotsSteve Grogan
58.4%
PatriotsSteve Grogan
58.4%
DolphinsBob Griese
56.3%
BrownsBrian Sipe
55.7%
BrownsBrian Sipe
55.7%
BrownsBrian Sipe
55.7%
BrownsBrian Sipe
55.7%
SeahawksJim Zorn
54.4%
SeahawksJim Zorn
54.4%
SeahawksJim Zorn
54.4%
CardinalsNeil Lomax
54.4%
CardinalsNeil Lomax
54.4%
CardinalsNeil Lomax
54.4%
CardinalsNeil Lomax
54.4%
CardinalsNeil Lomax
54.4%
CardinalsNeil Lomax
54.4%
CardinalsNeil Lomax
54.4%
FalconsSteve Bartkowski
50.8%
FalconsSteve Bartkowski
50.8%
FalconsSteve Bartkowski
50.8%
FalconsSteve Bartkowski
50.8%
FalconsSteve Bartkowski
50.8%
FalconsSteve Bartkowski
50.8%
RamsSteve Bartkowski
50.8%
VikingsTommy Kramer
50.2%
VikingsTommy Kramer
50.2%
VikingsTommy Kramer
50.2%
VikingsTommy Kramer
50.2%
VikingsTommy Kramer
50.2%
VikingsTommy Kramer
50.2%
PackersDon Majkowski
48.6%
ChiefsSteve DeBerg
47.9%
49ersSteve DeBerg
47.9%
BuccaneersSteve DeBerg
47.9%
BuccaneersSteve DeBerg
47.9%
BuccaneersSteve DeBerg
47.9%
VikingsWade Wilson
46.3%
VikingsWade Wilson
46.3%
VikingsWade Wilson
46.3%
RaidersMarc Wilson
46.3%
SaintsDave Wilson
46.2%
CardinalsJim Hart
45.4%
CardinalsJim Hart
45.4%
SaintsBobby Hebert
44.1%
SaintsBobby Hebert
44.1%
SaintsBobby Hebert
44.1%
SaintsBobby Hebert
44.1%
BroncosCraig Morton
43%
BroncosCraig Morton
43%
PackersLynn Dickey
40.7%
Hint Answer % Correct
PackersLynn Dickey
40.7%
PackersLynn Dickey
40.7%
PackersLynn Dickey
40.7%
PackersLynn Dickey
40.7%
PackersLynn Dickey
40.7%
RaidersJay Schroeder
40.7%
RedskinsJay Schroeder
40.7%
RedskinsJay Schroeder
40.7%
BillsVince Ferragamo
40.5%
RamsVince Ferragamo
40.5%
RamsVince Ferragamo
40.5%
BillsJoe Ferguson
40.3%
BillsJoe Ferguson
40.3%
BillsJoe Ferguson
40.3%
BillsJoe Ferguson
40.3%
BillsJoe Ferguson
40.3%
ColtsChris Chandler
39%
FalconsChris Miller
38%
FalconsChris Miller
38%
SteelersBubby Brister
37.4%
SteelersBubby Brister
37.4%
SaintsRichard Todd
37.1%
JetsRichard Todd
37.1%
JetsRichard Todd
37.1%
JetsRichard Todd
37.1%
JetsRichard Todd
37.1%
DolphinsDavid Woodley
36.2%
DolphinsDavid Woodley
36.2%
DolphinsDavid Woodley
36.2%
SteelersDavid Woodley
36.2%
SteelersMark Malone
33.9%
SteelersMark Malone
33.9%
SteelersMark Malone
33.9%
RaidersDan Pastorini
32%
ChiefsTodd Blackledge
31%
ChiefsTodd Blackledge
31%
ChiefsTodd Blackledge
31%
BearsMike Tomczak
27.8%
BearsMike Tomczak
27.8%
BearsVince Evans
25.5%
LionsEric Hipple
24.1%
LionsEric Hipple
24.1%
LionsEric Hipple
24.1%
LionsEric Hipple
24.1%
BrownsGary Danielson
23.5%
LionsGary Danielson
23.5%
LionsGary Danielson
23.5%
LionsGary Danielson
23.5%
ChiefsBill Kenney
22.5%
ChiefsBill Kenney
22.5%
ChiefsBill Kenney
22.5%
ChiefsBill Kenney
22.5%
ChiefsBill Kenney
22.5%
RamsPat Haden
22.3%
RamsPat Haden
22.3%
CardinalsGary Hogeboom
19.5%
CowboysGary Hogeboom
19.5%
ColtsGary Hogeboom
19.5%
ColtsGary Hogeboom
19.5%
Bengals Jack Thompson
19%
BuccaneersJack Thompson
19%
ColtsJack Trudeau
17.9%
ChiefsSteve Fuller
17.4%
JetsPat Ryan
17.2%
RamsDieter Brock
17.1%
LionsChuck Long
16.9%
LionsChuck Long
16.9%
RaidersSteve Beuerlein
14.5%
ColtsMike Pagel
14.4%
ColtsMike Pagel
14.4%
ColtsMike Pagel
14.4%
ColtsArt Schlichter
14.3%
BearsBob Avellini
13.4%
PackersRandy Wright
13%
PackersRandy Wright
13%
PackersRandy Wright
13%
CowboysSteve Pelluer
12.3%
GiantsScott Brunner
11.7%
GiantsScott Brunner
11.7%
BearsMike Phipps
11.6%
SteelersCliff Stoudt
11.1%
BrownsPaul McDonald
10.5%
FalconsDavid Archer
10.1%
FalconsDavid Archer
10.1%
BroncosMatt Robinson
9.6%
VikingsSteve Dils
7.2%
PatriotsMatt Cavanaugh
7.2%
OilersGifford Nielsen
6.3%
ChargersBabe Laufenberg
6.1%
LionsBob Gagliano
6.1%
RaidersRusty Hilger
5.2%
BuccaneersJerry Golsteyn
2.9%

You're not logged in!

Compare scores with friends on all Sporcle quizzes.
OR
Log In

Sporcle TV

Today on Sporcle TV


Watch our educational content, quiz creation guides, and fun videos on Sporcle TV.

Show Comments

Extras

Top Quizzes Today


Score Distribution

Your Account Isn't Verified!

In order to create a playlist on Sporcle, you need to verify the email address you used during registration. Go to your Sporcle Settings to finish the process.

Report this User

Report this user for behavior that violates our Community Guidelines.

Details: